<?xml version="1.0" encoding="UTF-8"?>
<marc:record xmlns:marc="http://www.loc.gov/MARC21/slim">
   <marc:leader>00000nam a2200000 a 4500</marc:leader>
   <marc:datafield ind1="1" ind2=" " tag="100">
      <marc:subfield code="a">Capuana, Luigi</marc:subfield>
      <marc:subfield code="4">aut</marc:subfield>
      <marc:subfield code="e">Verfasser/-in</marc:subfield>
   </marc:datafield>
   <marc:datafield ind1="0" ind2="0" tag="245">
      <marc:subfield code="a">Giacinta</marc:subfield>
   </marc:datafield>
   <marc:datafield ind1="0" ind2="0" tag="245">
      <marc:subfield code="b">Roman</marc:subfield>
   </marc:datafield>
   <marc:datafield ind1="0" ind2="0" tag="245">
      <marc:subfield code="c">Luigi Capuana ; aus dem Italienischen übersetzt von Stefanie Römer ; Nachwort von Angela Oster</marc:subfield>
   </marc:datafield>
   <marc:datafield ind1=" " ind2="1" tag="264">
      <marc:subfield code="a">Zürich</marc:subfield>
      <marc:subfield code="b">Manesse Verlag</marc:subfield>
      <marc:subfield code="c">2017</marc:subfield>
   </marc:datafield>
   <marc:datafield ind1="1" ind2=" " tag="520">
      <marc:subfield code="a">Angaben aus der Verlagsmeldung

Giacinta : Roman Giacinta / von Luigi Capuana

Missbrauch im Kindesalter und eine Ménage-à-trois – das ist der Stoff, aus dem auch 1879 schon Skandale waren. Luigi Capuana provozierte mit seinem weiblichen Entwicklungsroman «Giacinta» Italiens Moralwächter – doch die Leser liebten ihn umso mehr. Nun ist sein Meisterwerk endlich auch in deutscher Sprache zu entdecken.
Giacinta Marulli ist eine erstaunliche Heldin: Kühl lächelnd und scheinbar berechnend verdreht die junge Frau den Männern den Kopf. Nur hinter vorgehaltener Hand ist von ihrer gestohlenen Kindheit die Rede, die in einer Vergewaltigung ihren traurigen Höhepunkt fand. Als der öffentliche Tratsch meint, aus dem Opfer eine verschlagene Täterin machen zu müssen, emanzipiert sich Giacinta und sucht erhobenen Hauptes ihr Seelenheil: in der Heirat mit einem Conte und der gleichzeitigen Liebschaft mit dem Mann ihres Herzens.
Luigi Capuana ist ein genauer Beobachter, der in seinem Roman ein ganzes Panorama kräftig durchbluteter Figuren aus der italienischen Provinz schuf. Lebhaft und detailverliebt erzählt er nach einem wahren Fall das Leben einer tragischen und selbstbewussten Heldin.
</marc:subfield>
   </marc:datafield>
   <marc:datafield ind1=" " ind2=" " tag="020">
      <marc:subfield code="a">9783717524342</marc:subfield>
      <marc:subfield code="9">9783717524342</marc:subfield>
   </marc:datafield>
   <marc:datafield ind1=" " ind2=" " tag="020">
      <marc:subfield code="a">3717524348</marc:subfield>
      <marc:subfield code="9">3717524348</marc:subfield>
   </marc:datafield>
   <marc:datafield ind1=" " ind2=" " tag="041">
      <marc:subfield code="a">ger</marc:subfield>
   </marc:datafield>
   <marc:datafield ind1=" " ind2=" " tag="300">
      <marc:subfield code="a">329 Seiten</marc:subfield>
   </marc:datafield>
</marc:record>
